|
|
|
|
| LEADER |
00686nam a2200193 a 4500 |
| 001 |
GR-MES5396 |
| 008 |
991111s1993 gr 000 b eng d |
| 020 |
|
|
|a 0201513854
|
| 040 |
|
|
|a GrPaTEI
|b gre
|c GR-PaULI
|
| 245 |
0 |
0 |
|a Essentials of accounting.
|
| 250 |
|
|
|a 5th
|
| 260 |
|
|
|a Massachusetts :
|b Addison wesley,
|c 1993
|
| 300 |
|
|
|a 106σελ. :
|b σχημ.
|
| 650 |
|
4 |
|a Λογιστική
|
| 700 |
1 |
|
|a Anthony, R.
|
| 942 |
|
|
|2 ddc
|
| 952 |
|
|
|0 0
|1 0
|2 ddc
|4 0
|6 657_000000000000000_ANT
|7 0
|9 275988
|a MSLG
|b MSLG
|c BSC
|d 2021-01-17
|e 24
|f 0
|g 0.00
|l 0
|o 657 ANT
|p 2420000014751
|r 2021-01-17 00:00:00
|t 1
|w 2021-01-17
|y BK15
|x 19991111 0 1
|x GrPaTEI
|
| 971 |
|
|
|a .b25838635
|b 15-04-20
|c 14-09-16
|
| 999 |
|
|
|c 160005
|d 160005
|